[Event "Voronezh op-A 20th"]
[Site "Voronezh"]
[Date "2016.06.20"]
[Round "9"]
[White "Yandarbiev, Ruslan"]
[Black "Zuzin, Vladimir"]
[Result "1-0"]
[WhiteElo "2352"]
[BlackElo "2223"]
[PlyCount "77"]
[EventDate "2016.06.12"]
[EventType "swiss"]
[EventRounds "9"]
[EventCountry "RUS"]
[SourceTitle "EXT 2019"]
[Source "ChessBase"]
[SourceDate "2018.10.10"]
[SourceVersion "1"]
[SourceVersionDate "2018.10.10"]
[SourceQuality "1"]

1. e4 c5 2. Nf3 e6 3. d4 cxd4 4. Nxd4 Nf6 5. Nc3 Nc6 6. Ndb5 d6 7. Bf4 e5 8. Bg5 a6 9. Na3 b5 10. Nd5 Be7 11. Bxf6 Bxf6 12. c4 Nd4 13. cxb5 Bb7 14. Bc4 axb5 15. Nxb5 0-0 16. Nxd4 exd4 17. 0-0 Bxd5 18. Bxd5 Rb8 19. Rb1 Qa5 20. Qe1 Qa6 21. Qd2 Rfc8 22. Rfc1 Rc5 23. Rxc5 dxc5 24. Rc1 Rc8 25. b3 h6 26. a4 Bg5 27. f4 Bd8 28. Bc4 Qa7 29. e5 Ba5 30. Qd3 Qe7 31. Rf1 Kh8 32. Rf2 Rf8 33. Re2 Bc7 34. g3 Qd7 35. Qe4 Rd8 36. e6 fxe6 37. Bd3 g5 38. fxg5 hxg5 39. Qg6 1-0

[Event "Voronezh op-A 20th"]
[Site "Voronezh"]
[Date "2016.06.17"]
[Round "6"]
[White "Zuzin, Vladimir"]
[Black "Geshko, Aleksey"]
[Result "0-1"]
[WhiteElo "2223"]
[BlackElo "2057"]
[PlyCount "50"]
[EventDate "2016.06.12"]
[EventType "swiss"]
[EventRounds "9"]
[EventCountry "RUS"]
[SourceTitle "EXT 2019"]
[Source "ChessBase"]
[SourceDate "2018.10.10"]
[SourceVersion "1"]
[SourceVersionDate "2018.10.10"]
[SourceQuality "1"]

1. d4 d5 2. c4 Nc6 3. Nc3 dxc4 4. d5 Ne5 5. f4 Ng4 6. h3 N4f6 7. e4 e6 8. dxe6 Qxd1+ 9. Kxd1 Bxe6 10. f5 0-0-0+ 11. Kc2 Bd7 12. Bxc4 Nxe4 13. Nxe4 Bxf5 14. Bd3 Rxd3 15. Kxd3 Nf6 16. Ke2 Nxe4 17. Bf4 Bc5 18. Nf3 Re8 19. Rhe1 Nf2+ 20. Kf1 Bd3+ 21. Kg1 Nxh3+ 22. Kh1 Rxe1+ 23. Rxe1 Nxf4 24. Re8+ Kd7 25. Rg8 Bf1 0-1

[Event "Voronezh op-A 20th"]
[Site "Voronezh"]
[Date "2016.06.13"]
[Round "2"]
[White "Kalugin, Sergei G"]
[Black "Zuzin, Vladimir"]
[Result "0-1"]
[WhiteElo "2413"]
[BlackElo "2223"]
[PlyCount "142"]
[EventDate "2016.06.12"]
[EventType "swiss"]
[EventRounds "9"]
[EventCountry "RUS"]
[SourceTitle "EXT 2019"]
[Source "ChessBase"]
[SourceDate "2018.10.10"]
[SourceVersion "1"]
[SourceVersionDate "2018.10.10"]
[SourceQuality "1"]

1. e4 c5 2. Nf3 e6 3. d4 cxd4 4. Nxd4 Nf6 5. Nc3 Nc6 6. Ndb5 d6 7. Bf4 e5 8. Bg5 a6 9. Na3 b5 10. Nd5 Be7 11. Bxf6 Bxf6 12. c4 Nd4 13. Nc2 Bb7 14. Nxd4 exd4 15. cxb5 Bxd5 16. exd5 0-0 17. Be2 axb5 18. 0-0 b4 19. Bb5 Qa5 20. Qd3 Ra7 21. Rfc1 Rb7 22. Bc6 Re7 23. g3 g6 24. a3 bxa3 25. Rxa3 Qb6 26. Rb3 Qa7 27. Rb4 Rb8 28. Ra4 Qb6 29. b4 Ra7 30. Rca1 Rxa4 31. Rxa4 Kg7 32. Kg2 Rc8 33. b5 Qc5 34. Rc4 Qa7 35. Qb3 Rb8 36. Qb4 Qe7 37. Rc1 Qc7 38. Rb1 Rb6 39. Re1 Rb8 40. Qa3 h5 41. h4 Rd8 42. Ra1 Qe7 43. Qd3 Rb8 44. Kf1 Qd8 45. Ra6 Qc7 46. Qa3 Qe7 47. Qd3 Qc7 48. Ke1 Qe7+ 49. Kd1 Qc7 50. Qe2 Qc8 51. Qe4 Qc7 52. Qd3 Qd8 53. Kc2 Qc7 54. Kb3 Qd8 55. Ra7 Qc8 56. Rd7 Qf8 57. Qd2 Kg8 58. Qf4 Be5 59. Qe4 Re8 60. Ra7 Rb8 61. f4 Bf6 62. Qd3 Qg7 63. Bd7 Qf8 64. f5 Qh6 65. fxg6 fxg6 66. Kc2 Bg7 67. Be6+ Kh8 68. Bf7 Rc8+ 69. Kb3 Rc3+ 70. Qxc3 dxc3 71. b6 Qd2 0-1

[Event "Voronezh op-A 20th"]
[Site "Voronezh"]
[Date "2016.06.12"]
[Round "1"]
[White "Zuzin, Vladimir"]
[Black "Korchmar, Vasiliy"]
[Result "0-1"]
[WhiteElo "2223"]
[BlackElo "2434"]
[PlyCount "86"]
[EventDate "2016.06.12"]
[EventType "swiss"]
[EventRounds "9"]
[EventCountry "RUS"]
[SourceTitle "EXT 2019"]
[Source "ChessBase"]
[SourceDate "2018.10.10"]
[SourceVersion "1"]
[SourceVersionDate "2018.10.10"]
[SourceQuality "1"]

1. d4 d5 2. c4 c6 3. Nc3 Nf6 4. e3 e6 5. Nf3 a6 6. b3 Bb4 7. Bd2 0-0 8. Bd3 Nbd7 9. Qc2 Qe7 10. 0-0 e5 11. dxe5 Nxe5 12. Nxe5 Qxe5 13. cxd5 cxd5 14. Ne2 Bd6 15. f4 Qe7 16. Nd4 Ne4 17. Bxe4 dxe4 18. a4 Bd7 19. b4 b5 20. axb5 axb5 21. Qb2 Ra4 22. Rxa4 bxa4 23. Bc3 Rb8 24. Rb1 Qe8 25. Nc2 Bf8 26. Be5 Rb6 27. Rd1 Bb5 28. Qd4 Rg6 29. Qd8 Re6 30. Rd5 Qxd8 31. Rxd8 f6 32. Bd4 Re8 33. Rd5 Bd3 34. Na3 Bxb4 35. Bc5 Rb8 36. Bxb4 Rxb4 37. Ra5 Kf7 38. f5 Ke7 39. g4 Kd7 40. h4 Kc6 41. Ra7 Kb6 42. Rxg7 Rb3 43. g5 Rxa3 0-1

[Event "Dubna op"]
[Site "Dubna"]
[Date "2007.08.04"]
[Round "1"]
[White "Rysbayeva, Korlan"]
[Black "Zuzin, Vladimir"]
[Result "0-1"]
[WhiteElo "2008"]
[BlackElo "2265"]
[PlyCount "94"]
[EventDate "2007.08.02"]
[EventType "swiss"]
[EventRounds "14"]
[EventCountry "RUS"]
[SourceTitle "EXT 2008"]
[Source "ChessBase"]
[SourceDate "2007.11.25"]
[SourceVersion "1"]
[SourceVersionDate "2007.11.25"]
[SourceQuality "1"]

1. e4 c5 2. Nf3 Nc6 3. c3 Nf6 4. e5 Nd5 5. d4 cxd4 6. Bc4 Nb6 7. Bb3 d5 8. exd6 Qxd6 9. 0-0 Be6 10. Na3 Bxb3 11. Qxb3 e6 12. Nb5 Qd8 13. Bf4 Nd5 14. Bg3 dxc3 15. Rad1 Rc8 16. Rfe1 c2 17. Rxd5 Qxd5 18. Qxd5 c1Q 19. Qb3 Qc5 20. Nc7+ Rxc7 21. Bxc7 Be7 22. Qxb7 0-0 23. Ne5 Na5 24. Bxa5 Qxa5 25. Rd1 Bd6 26. Nc4 Bxh2+ 27. Kf1 Qxa2 28. Ne3 Be5 29. b3 g6 30. Ng4 Bg7 31. Qf3 f5 32. Nh2 Qc2 33. Kg1 h6 34. Rd7 Rf7 35. Rd3 e5 36. Qa8+ Kh7 37. Qd5 Qc7 38. Nf1 e4 39. Rd1 Re7 40. Nd2 Rd7 41. Qb5 Bc3 42. Qe2 Qd8 43. Rc1 Bxd2 44. Rc6 Bf4 45. g3 Be5 46. Qa6 e3 47. f4 Rd1+ 0-1